Incertidumbre y política económica (Registro nro. 15066)

Detalles MARC
000 -LEADER
fixed length control field 00319 a2200109 4500
001 - CONTROL NUMBER
control field ART_7187
005 - DATE AND TIME OF LATEST TRANSACTION
control field 20260410161700.0
008 - FIXED-LENGTH DATA ELEMENTS--GENERAL INFORMATION
fixed length control field 260409a
100 1# - MAIN ENTRY--PERSONAL NAME
Personal name Mercado, P. Ruben
245 10 - TITLE STATEMENT
Title Incertidumbre y política económica
773 0# - HOST ITEM ENTRY
Title Ensayos Económicos
Related parts - Nº 57/58 (ene./jun. 2010)
Record control number REV620

No hay ítems disponibles.